L'outre-mer français : 5 - la Nouvelle Calédonie - Statistiques

Statistiques générales
  • Ce quiz a été pris 575 fois
  • Le résultat moyen est 8 sur 15
Statistiques - réponses
Indice Réponse % Correct
Dans quel océan est située la Nouvelle Calédonie ? Pacifique
99%
Quelle est sa capitale ? Nouméa
97%
Nom de la population autochtone habitant l'archipel avant la colonisation Kanaks
88%
Elément dont le sous-sol néo-calédonien est riche Nickel
81%
Quel est le pays le plus proche ? Vanuatu
81%
Nom de l'explorateur ayant découvert et baptisé la Nouvelle Calédonie James Cook
73%
Lieu d'une prise d'otages meurtrière en 1988 Ouvéa
57%
Nom des accords ayant mis fin à ce conflit Accords de Matignon
56%
Leader indépendantiste assassiné peu après ces événements Jean-Marie Tjibaou
52%
Comment appelle-t-on les descendants des colons européens ? Les Caldoches
50%
Archipel tout proche administrativement rattaché à la Nouvelle Calédonie Iles Loyauté
36%
Célèbre communarde déportée en Nouvelle-Calédonie Louise Michel
34%
Quel est le nom du chef d'Etat français qui décida de coloniser le territoire pour y installer un bagne ? Napoléon III
22%
Premier ministre français auteur desdits accords Michel Rocard
19%
Poète né à Nouméa en 1886 Francis Carco
5%
Aucun quiz correspondant
Distribution des résultats
% des personnes avec chaque résultat
Percentile par nombre de réponses
Votre historique - résultats
Vous n’avez pas pris ce quiz